| 000 | 00535nam a22001937a 4500 | ||
|---|---|---|---|
| 003 | 0 | ||
| 005 | 20251112085525.0 | ||
| 008 | 251112b xxu||||| |||| 00| 0 eng d | ||
| 020 | _a978-0-446-40130-2 | ||
| 050 |
_aPS 3553 _b.C66 2008 |
||
| 100 |
_aConnelly, Michael, _eauthor. |
||
| 245 |
_aThe Overlook / _cMichael Connelly. |
||
| 260 |
_aNew York, NY : _bVision, _c2008. |
||
| 300 |
_a285 pages ; _c18 cm. |
||
| 650 | _aDetective and mystery fiction. | ||
| 650 | _aMurder investigation. | ||
| 650 | _aTerrorism. | ||
| 942 |
_2lcc _cBK |
||
| 999 |
_c368606 _d368606 |
||